[Event "1SM"]
[Site "Sharjah Chess Club"]
[Date "2017.03.26"]
[Round "4.7"]
[White "Akopian, Vladimir"]
[Black "Al Yaghshi, M. Hisham"]
[Result "1-0"]
[BlackElo "2056"]
[WhiteElo "2675"]
[LiveChessVersion "1.4.8"]

1. e4 {[%clk 1:40:40]} e6 {[%clk 1:40:55]} 2. d4 {[%clk 1:41:06]} d5
{[%clk 1:41:21]} 3. Nd2 {[%clk 1:41:32]} Nf6 {[%clk 1:41:30]} 4. e5
{[%clk 1:41:39]} Nfd7 {[%clk 1:41:56]} 5. c3 {[%clk 1:41:58]} c5 {[%clk 1:42:09]}
6. Bd3 {[%clk 1:41:37]} Nc6 {[%clk 1:42:34]} 7. Ne2 {[%clk 1:41:59]} cxd4
{[%clk 1:42:29]} 8. cxd4 {[%clk 1:42:25]} f6 {[%clk 1:42:53]} 9. exf6
{[%clk 1:42:30]} Nxf6 {[%clk 1:43:16]} 10. Nf3 {[%clk 1:42:47]} Bd6
{[%clk 1:43:38]} 11. O-O {[%clk 1:43:03]} Qc7 {[%clk 1:43:01]} 12. Bg5
{[%clk 1:42:32]} O-O {[%clk 1:43:22]} 13. Bh4 {[%clk 1:42:59]} Nh5 14. Qc2
{[%clk 1:42:54]} h6 {[%clk 1:42:48]} 15. Bh7+ {[%clk 1:41:39]} Kh8
{[%clk 1:43:14]} 16. Bg6 {[%clk 1:42:05]} Rxf3 {[%clk 1:41:49]} 17. Bxh5
{[%clk 1:41:49]} Rf8 {[%clk 1:37:18]} 18. Bg3 {[%clk 1:41:55]} Bd7
{[%clk 1:35:45]} 19. Rac1 {[%clk 1:38:36]} e5 {[%clk 1:31:09]} 20. dxe5
{[%clk 1:31:25]} Bxe5 {[%clk 1:31:20]} 21. Qd2 {[%clk 1:26:54]} Be6
{[%clk 1:07:47]} 22. Nd4 {[%clk 1:17:20]} Bg8 {[%clk 1:03:11]} 23. Rfe1
{[%clk 1:16:10]} Bxg3 {[%clk 0:52:24]} 24. hxg3 {[%clk 1:16:22]} Rf6
{[%clk 0:50:33]} 25. Be8 {[%clk 0:57:21]} Qb6 {[%clk 0:49:34]} 26. Bxc6
{[%clk 0:55:14]} bxc6 {[%clk 0:49:26]} 27. Qc3 {[%clk 0:52:04]} a5
{[%clk 0:46:00]} 28. b3 {[%clk 0:49:49]} Rc8 {[%clk 0:33:23]} 29. Qc5
{[%clk 0:49:17]} Qb4 {[%clk 0:25:08]} 30. Rc3 {[%clk 0:44:29]} Qb7
{[%clk 0:11:26]} 31. Re7 {[%clk 0:41:23]} Qb8 {[%clk 0:08:23]} 32. Qxa5
{[%clk 0:39:50]} Re8 {[%clk 0:05:28]} 33. Qc5 {[%clk 0:35:34]} Qd8
{[%clk 0:05:28]} 34. Rxe8 {[%clk 0:33:02]} Qxe8 {[%clk 0:05:50]} 35. Rc1
{[%clk 0:32:15]} Qf7 {[%clk 0:05:35]} 36. Nxc6 {[%clk 0:31:40]} h5
{[%clk 0:04:36]} 37. Ne5 {[%clk 0:27:08]} Qe8 {[%clk 0:04:38]} 38. Qd4
{[%clk 0:26:29]} h4 {[%clk 0:01:44]} 39. gxh4 {[%clk 0:26:08]} Qh5
{[%clk 0:01:52]} 40. Rc3 {[%clk 0:24:26]} Be6 {[%clk 0:01:39]} 41. Rf3
{[%clk 0:23:11]} Bf5 {[%clk 0:00:36]} 42. Qxd5 {[%clk 0:22:40]} Qxh4
{[%clk 0:00:34]} 43. Rxf5 {[%clk 0:21:48]} Rh6 {[%clk 0:00:49]} 44. Rf8+
{[%clk 0:22:09]} Kh7 {[%clk 0:01:14]} 45. Qg8# {[%clk 0:22:36]} 1-0

[Event "1SM"]
[Site "Sharjah Chess Club"]
[Date "2017.03.26"]
[Round "4.8"]
[White "Kryvoruchko, Yuriy"]
[Black "Arjun, K"]
[Result "1-0"]
[BlackElo "2232"]
[WhiteElo "2708"]
[LiveChessVersion "1.4.8"]

1. e4 {[%clk 1:40:57]} e5 {[%clk 1:40:17]} 2. Nf3 {[%clk 1:41:21]} Nc6
{[%clk 1:40:19]} 3. Bb5 {[%clk 1:41:25]} a6 {[%clk 1:39:46]} 4. Ba4
{[%clk 1:41:50]} Nf6 {[%clk 1:39:19]} 5. O-O {[%clk 1:42:09]} Be7
{[%clk 1:39:01]} 6. d3 {[%clk 1:42:18]} b5 {[%clk 1:37:54]} 7. Bb3
{[%clk 1:42:42]} d6 {[%clk 1:35:21]} 8. a4 {[%clk 1:42:43]} Rb8 {[%clk 1:26:57]}
9. c3 {[%clk 1:41:52]} Na5 {[%clk 1:22:53]} 10. Bc2 {[%clk 1:39:14]} c5
{[%clk 1:19:36]} 11. d4 {[%clk 1:38:11]} Nd7 {[%clk 0:59:35]} 12. Nbd2
{[%clk 1:30:31]} O-O {[%clk 0:56:28]} 13. Re1 {[%clk 1:26:33]} Bf6
{[%clk 0:36:49]} 14. Nf1 {[%clk 1:22:47]} b4 {[%clk 0:30:53]} 15. cxb4
{[%clk 1:17:53]} cxb4 {[%clk 0:30:46]} 16. b3 {[%clk 1:14:25]} Nc6
{[%clk 0:29:07]} 17. Bb2 {[%clk 1:12:45]} Bb7 {[%clk 0:16:35]} 18. Ne3
{[%clk 1:11:04]} g6 {[%clk 0:13:28]} 19. Qd2 {[%clk 1:10:39]} exd4
{[%clk 0:09:33]} 20. Nxd4 {[%clk 1:09:43]} Nc5 {[%clk 0:09:34]} 21. Rad1
{[%clk 1:04:33]} Nxd4 {[%clk 0:06:14]} 22. Bxd4 {[%clk 1:03:57]} Bg5
{[%clk 0:02:09]} 23. Bb2 {[%clk 1:01:16]} Ne6 {[%clk 0:01:19]} 24. Qxb4
{[%clk 1:01:09]} Bf6 {[%clk 0:00:41]} 25. Qa3 {[%clk 1:00:14]} Rc8
{[%clk 0:00:35]} 26. Nc4 {[%clk 0:56:34]} Bxb2 {[%clk 0:00:33]} 27. Qxb2
{[%clk 0:56:58]} d5 {[%clk 0:00:35]} 28. exd5 {[%clk 0:57:18]} Qg5
{[%clk 0:00:56]} 29. Re5 1-0

[Event "1SM"]
[Site "Sharjah Chess Club"]
[Date "2017.03.26"]
[Round "4.9"]
[White "Amin, Bassem"]
[Black "Kavinda, Akila"]
[Result "1-0"]
[BlackElo "2084"]
[WhiteElo "2660"]
[LiveChessVersion "1.4.8"]

1. e4 {[%clk 1:39:30]} g6 {[%clk 1:40:57]} 2. h4 {[%clk 1:38:39]} d5
{[%clk 1:22:43]} 3. h5 {[%clk 1:38:20]} dxe4 {[%clk 1:18:49]} 4. hxg6
{[%clk 1:38:34]} fxg6 {[%clk 1:19:12]} 5. Nc3 {[%clk 1:36:21]} Nf6
{[%clk 1:16:45]} 6. d4 {[%clk 1:36:41]} Nc6 {[%clk 1:03:22]} 7. Bb5
{[%clk 1:30:11]} Qd6 {[%clk 0:52:20]} 8. Nge2 {[%clk 1:25:24]} Bg4
{[%clk 0:42:17]} 9. d5 {[%clk 1:15:25]} a6 {[%clk 0:38:58]} 10. dxc6
{[%clk 1:02:42]} Qxd1+ {[%clk 0:36:15]} 11. Kxd1 {[%clk 1:02:51]} axb5
{[%clk 0:33:13]} 12. cxb7 {[%clk 1:03:03]} Rb8 {[%clk 0:26:42]} 13. Nxb5
{[%clk 1:02:40]} Rxb7 {[%clk 0:25:32]} 14. a4 {[%clk 0:47:47]} Nd5
{[%clk 0:21:37]} 15. c4 {[%clk 0:15:19]} Nb6 {[%clk 0:11:29]} 16. b3
{[%clk 0:13:51]} Bg7 {[%clk 0:10:58]} 17. Rb1 {[%clk 0:14:18]} c6
{[%clk 0:10:04]} 18. Na3 {[%clk 0:14:47]} O-O {[%clk 0:10:13]} 19. Be3
{[%clk 0:14:50]} Rfb8 {[%clk 0:07:15]} 20. Rh4 {[%clk 0:12:21]} h5
{[%clk 0:05:29]} 21. a5 {[%clk 0:12:17]} Nd7 {[%clk 0:02:40]} 22. Rxg4
{[%clk 0:11:22]} hxg4 {[%clk 0:02:38]} 23. Kc2 {[%clk 0:11:27]} c5
{[%clk 0:02:23]} 24. Nb5 {[%clk 0:10:43]} Ra8 {[%clk 0:02:14]} 25. Bd2
{[%clk 0:10:17]} Ne5 {[%clk 0:02:11]} 26. Ng3 {[%clk 0:09:50]} Nc6
{[%clk 0:01:32]} 27. Nxe4 {[%clk 0:10:16]} Nxa5 {[%clk 0:00:34]} 28. Nxc5
{[%clk 0:10:38]} Rb6 {[%clk 0:00:37]} 29. Nc7 {[%clk 0:08:30]} Ra7
{[%clk 0:01:00]} 30. Nd5 {[%clk 0:08:54]} Rc6 {[%clk 0:01:10]} 31. Bxa5
{[%clk 0:09:04]} Rxc5 {[%clk 0:01:26]} 32. Bb6 {[%clk 0:09:28]} Ra2+
{[%clk 0:01:02]} 33. Kd3 {[%clk 0:09:56]} Rxd5+ {[%clk 0:00:43]} 34. cxd5
{[%clk 0:10:25]} g3 {[%clk 0:00:49]} 35. fxg3 {[%clk 0:10:50]} Rxg2
{[%clk 0:01:10]} 36. Bc7 {[%clk 0:11:16]} Kf7 {[%clk 0:00:54]} 37. b4
{[%clk 0:11:31]} e5 {[%clk 0:00:57]} 38. b5 {[%clk 0:11:16]} Rxg3+
{[%clk 0:01:20]} 39. Kc4 {[%clk 0:11:27]} Rg4+ {[%clk 0:01:14]} 40. Kc5
{[%clk 0:11:49]} Bh6 {[%clk 0:01:13]} 41. b6 {[%clk 0:12:08]} Be3+
{[%clk 0:01:36]} 42. Kd6 {[%clk 0:12:25]} 1-0

[Event "1SM"]
[Site "Sharjah Chess Club"]
[Date "2017.03.26"]
[Round "4.10"]
[White "Kuzubov, Yuriy"]
[Black "Nikhil, Magizhnan"]
[Result "1-0"]
[BlackElo "2077"]
[WhiteElo "2643"]
[LiveChessVersion "1.4.8"]

1. c4 {[%clk 1:40:56]} e6 {[%clk 1:39:19]} 2. g3 {[%clk 1:40:42]} d5
{[%clk 1:38:53]} 3. Nf3 {[%clk 1:40:46]} Nf6 {[%clk 1:38:59]} 4. Bg2
{[%clk 1:41:10]} dxc4 {[%clk 1:35:04]} 5. Qa4+ {[%clk 1:40:23]} Nbd7
{[%clk 1:33:59]} 6. Qxc4 {[%clk 1:40:44]} a6 {[%clk 1:33:41]} 7. Qb3
{[%clk 1:40:11]} Be7 {[%clk 1:31:41]} 8. O-O {[%clk 1:39:27]} O-O
{[%clk 1:31:38]} 9. d4 {[%clk 1:38:57]} Rb8 {[%clk 1:28:09]} 10. Rd1
{[%clk 1:36:58]} Nb6 {[%clk 1:13:52]} 11. Ne5 {[%clk 1:33:35]} Nfd7
{[%clk 1:08:30]} 12. Nd3 {[%clk 1:32:43]} Bf6 {[%clk 1:06:45]} 13. e3
{[%clk 1:27:41]} Re8 {[%clk 0:59:36]} 14. a4 {[%clk 1:26:02]} c6 {[%clk 0:52:53]}
15. Nc3 {[%clk 1:24:06]} Qe7 {[%clk 0:49:21]} 16. Bd2 {[%clk 1:20:56]} Nd5
{[%clk 0:46:47]} 17. Ne4 {[%clk 1:16:54]} e5 {[%clk 0:35:35]} 18. Nxf6+
{[%clk 1:16:16]} N5xf6 {[%clk 0:31:49]} 19. Bb4 {[%clk 1:15:48]} c5
{[%clk 0:29:47]} 20. Nxc5 {[%clk 1:15:08]} Nxc5 {[%clk 0:27:45]} 21. Bxc5
{[%clk 1:14:44]} Qe6 {[%clk 0:27:50]} 22. Qxe6 {[%clk 1:14:51]} Bxe6
{[%clk 0:27:47]} 23. dxe5 {[%clk 1:15:15]} Nd7 {[%clk 0:27:58]} 24. Bd6
{[%clk 1:15:40]} Rbc8 {[%clk 0:28:20]} 25. Bxb7 {[%clk 1:16:02]} Rc2
{[%clk 0:28:37]} 26. b4 {[%clk 1:16:02]} 1-0

[Event "1SM"]
[Site "Sharjah Chess Club"]
[Date "2017.03.26"]
[Round "4.11"]
[White "Nishant, Malhotra"]
[Black "Adly, Ahmed"]
[Result "0-1"]
[BlackElo "2593"]
[WhiteElo "2198"]
[LiveChessVersion "1.4.8"]

1. d4 {[%clk 1:40:52]} Nf6 {[%clk 1:39:50]} 2. c4 {[%clk 1:41:09]} e6
{[%clk 1:40:06]} 3. g3 {[%clk 1:40:34]} d5 {[%clk 1:40:25]} 4. Nf3
{[%clk 1:40:11]} c5 {[%clk 1:40:14]} 5. Bg2 {[%clk 1:39:36]} cxd4
{[%clk 1:39:48]} 6. O-O {[%clk 1:38:42]} Bc5 {[%clk 1:39:37]} 7. Nxd4
{[%clk 1:29:27]} Nc6 {[%clk 1:37:23]} 8. Nb3 {[%clk 1:19:32]} Bb6
{[%clk 1:37:42]} 9. c5 {[%clk 1:11:42]} Bc7 {[%clk 1:36:14]} 10. Nc3
{[%clk 1:10:44]} O-O {[%clk 1:35:50]} 11. e4 {[%clk 1:10:56]} d4 {[%clk 1:35:50]}
12. Nb5 {[%clk 1:09:10]} e5 {[%clk 1:36:13]} 13. Bg5 {[%clk 0:59:50]} Be6
{[%clk 1:28:31]} 14. Rc1 {[%clk 0:50:54]} Bb8 {[%clk 1:10:24]} 15. Bd2
{[%clk 0:48:44]} a6 {[%clk 1:07:19]} 16. Na3 {[%clk 0:48:59]} a5 {[%clk 1:07:40]}
17. Nc4 {[%clk 0:41:34]} a4 {[%clk 1:06:46]} 18. Na1 {[%clk 0:40:42]} Nd7
{[%clk 1:06:56]} 19. b4 {[%clk 0:33:37]} axb3 {[%clk 1:07:06]} 20. Qxb3
{[%clk 0:24:38]} Nxc5 {[%clk 1:05:55]} 21. Qb5 {[%clk 0:24:56]} Rxa2
{[%clk 1:04:28]} 22. Rfd1 {[%clk 0:20:48]} Ba7 {[%clk 1:02:34]} 23. Nb3
{[%clk 0:19:21]} Nd3 {[%clk 1:01:50]} 24. Ra1 {[%clk 0:17:38]} Nxf2
{[%clk 0:58:55]} 25. Kxf2 {[%clk 0:11:24]} d3+ {[%clk 0:58:52]} 26. Ne3
{[%clk 0:11:05]} Bxb3 {[%clk 0:56:52]} 27. Qxb3 {[%clk 0:10:50]} Bxe3+
{[%clk 0:56:35]} 28. Kxe3 {[%clk 0:09:33]} Rxa1 {[%clk 0:56:05]} 29. Kd4 0-1

[Event "1SM"]
[Site "Sharjah Chess Club"]
[Date "2017.03.26"]
[Round "4.12"]
[White "Gledura, Benjamin"]
[Black "Sameir, Ramez"]
[Result "1-0"]
[BlackElo "2062"]
[WhiteElo "2588"]
[LiveChessVersion "1.4.8"]

1. d4 d5 2. Nf3 Nf6 3. c4 c6 4. Nc3 e6 5. g3 Nbd7 6. Bg2 Bd6 7. O-O O-O 8. Nd2
Re8 9. e4 dxe4 10. Ndxe4 Nxe4 11. Nxe4 Be7 12. Bf4 Nf6 13. c5 Nxe4 14. Bxe4 Bf6
15. Be5 g6 16. Re1 Bg7 17. h4 f6 18. Bd6 Bf8 19. Bxf8 Rxf8 20. Bc2 Kg7 21. Bb3
Re8 22. Re3 b6 23. Rc1 b5 24. Qf3 Qc7 25. Rce1 e5 26. dxe5 fxe5 27. Rxe5 Rxe5 28.
Qc3 1-0

[Event "1SM"]
[Site "Sharjah Chess Club"]
[Date "2017.03.26"]
[Round "4.13"]
[White "Priyanka, Nutakki"]
[Black "Svane, Rasmus"]
[Result "0-1"]
[BlackElo "2570"]
[WhiteElo "2084"]
[LiveChessVersion "1.4.8"]

1. e4 {[%clk 1:40:55]} e5 {[%clk 1:40:37]} 2. Nf3 {[%clk 1:41:08]} Nc6
{[%clk 1:41:02]} 3. Bc4 {[%clk 1:41:32]} Bc5 {[%clk 1:40:21]} 4. c3
{[%clk 1:41:50]} Nf6 {[%clk 1:38:21]} 5. d3 {[%clk 1:42:08]} a6 {[%clk 1:36:58]}
6. Bb3 {[%clk 1:42:04]} Ba7 {[%clk 1:32:46]} 7. Nbd2 {[%clk 1:42:10]} O-O
{[%clk 1:27:51]} 8. Qe2 {[%clk 1:35:55]} d5 {[%clk 1:25:27]} 9. exd5
{[%clk 1:33:41]} Nxd5 {[%clk 1:25:27]} 10. Ne4 {[%clk 1:33:35]} Bf5
{[%clk 1:08:00]} 11. O-O {[%clk 1:30:11]} Re8 {[%clk 0:58:53]} 12. Bg5
{[%clk 1:27:12]} Qd7 {[%clk 0:53:26]} 13. Rad1 {[%clk 1:21:32]} Be6
{[%clk 0:42:56]} 14. Rfe1 {[%clk 1:16:41]} Kh8 {[%clk 0:36:22]} 15. Ng3
{[%clk 1:00:30]} f6 {[%clk 0:35:33]} 16. Bc1 {[%clk 1:00:50]} Na5
{[%clk 0:31:38]} 17. Bc2 {[%clk 0:54:37]} Nf4 {[%clk 0:30:01]} 18. Qf1
{[%clk 0:45:55]} Bg4 {[%clk 0:20:09]} 19. d4 {[%clk 0:42:17]} Bxf3
{[%clk 0:13:24]} 20. gxf3 {[%clk 0:42:43]} Qf7 {[%clk 0:12:39]} 21. Bxf4
{[%clk 0:38:49]} exf4 {[%clk 0:13:05]} 22. Qh3 {[%clk 0:35:06]} g6
{[%clk 0:13:24]} 23. Ne4 {[%clk 0:33:38]} Re7 {[%clk 0:11:44]} 24. Kh1
{[%clk 0:28:48]} Rae8 {[%clk 0:11:08]} 25. Rg1 {[%clk 0:28:33]} f5
{[%clk 0:10:00]} 26. Ng5 {[%clk 0:28:48]} Qf6 {[%clk 0:09:12]} 27. Bd3
{[%clk 0:28:12]} c5 {[%clk 0:08:29]} 28. dxc5 {[%clk 0:19:06]} Bxc5
{[%clk 0:08:52]} 29. Qh4 {[%clk 0:18:15]} Nc6 {[%clk 0:07:50]} 30. Bc4
{[%clk 0:17:18]} Ne5 {[%clk 0:07:28]} 31. Bb3 {[%clk 0:16:53]} Qb6
{[%clk 0:05:18]} 32. Rd2 {[%clk 0:16:38]} Qc6 {[%clk 0:03:20]} 33. Bd5
{[%clk 0:14:16]} Qf6 {[%clk 0:01:32]} 34. Qxf4 {[%clk 0:13:23]} Qf8
{[%clk 0:00:51]} 35. Re2 {[%clk 0:12:16]} Nd3 {[%clk 0:01:00]} 36. Qh4
{[%clk 0:12:01]} Nxf2+ {[%clk 0:00:49]} 37. Rxf2 {[%clk 0:11:49]} Bxf2
{[%clk 0:01:16]} 38. Qxf2 {[%clk 0:12:17]} Qf6 {[%clk 0:01:05]} 39. Qh4
{[%clk 0:11:24]} b5 {[%clk 0:01:24]} 40. Qf4 {[%clk 0:10:22]} Kg7
{[%clk 0:01:28]} 41. Ne6+ {[%clk 0:06:09]} Rxe6 {[%clk 0:01:47]} 42. Bxe6
{[%clk 0:06:37]} Rxe6 {[%clk 0:01:39]} 43. Rd1 {[%clk 0:06:45]} Qe7
{[%clk 0:01:00]} 44. Qd4+ {[%clk 0:06:49]} Kh6 {[%clk 0:01:13]} 45. Qd2+
{[%clk 0:04:41]} Qg5 {[%clk 0:01:30]} 46. Qf2 {[%clk 0:05:01]} Re3
{[%clk 0:01:02]} 47. Rd7 {[%clk 0:02:59]} f4 {[%clk 0:01:18]} 48. Rd4
{[%clk 0:02:41]} Qe7 {[%clk 0:01:14]} 49. Rd2 {[%clk 0:02:47]} Re1+
{[%clk 0:00:57]} 50. Kg2 {[%clk 0:03:13]} Qg5+ {[%clk 0:00:52]} 51. Kh3
{[%clk 0:03:42]} Re3 {[%clk 0:00:45]} 52. Rd4 {[%clk 0:02:48]} Qf5+
{[%clk 0:01:06]} 53. Kg2 {[%clk 0:03:15]} Kh5 {[%clk 0:00:46]} 54. h3
{[%clk 0:01:39]} Qe5 {[%clk 0:00:44]} 55. Kf1 {[%clk 0:01:31]} g5
{[%clk 0:00:54]} 56. Rd2 {[%clk 0:01:23]} Qe6 {[%clk 0:01:15]} 57. Kg2
{[%clk 0:01:06]} Qxa2 {[%clk 0:01:34]} 58. Rd7 {[%clk 0:01:06]} h6
{[%clk 0:01:44]} 59. Rd6 {[%clk 0:01:07]} Qc4 {[%clk 0:01:48]} 60. Rd2
{[%clk 0:00:53]} a5 {[%clk 0:02:04]} 61. Kh2 {[%clk 0:01:02]} Qc6
{[%clk 0:02:10]} 62. Kg2 {[%clk 0:01:08]} b4 {[%clk 0:02:09]} 63. cxb4
{[%clk 0:01:10]} axb4 {[%clk 0:02:35]} 64. Rc2 {[%clk 0:01:05]} Qd5
{[%clk 0:02:52]} 65. Rd2 {[%clk 0:01:19]} Qe6 {[%clk 0:02:56]} 66. Kh2
{[%clk 0:01:12]} Qc6 {[%clk 0:03:15]} 67. Kg2 {[%clk 0:01:30]} b3
{[%clk 0:03:37]} 68. Qf1 {[%clk 0:01:42]} Qb7 {[%clk 0:01:48]} 69. Qd1
{[%clk 0:01:27]} Qe7 {[%clk 0:01:52]} 70. Qf1 {[%clk 0:01:10]} Re1
{[%clk 0:01:23]} 71. Qc4 {[%clk 0:00:40]} Qe3 {[%clk 0:01:04]} 72. Rf2
{[%clk 0:00:47]} Qc1 {[%clk 0:01:09]} 73. Qxc1 {[%clk 0:00:38]} Rxc1
{[%clk 0:01:34]} 74. Rf1 {[%clk 0:00:48]} Rc2+ {[%clk 0:01:58]} 75. Rf2
{[%clk 0:01:17]} Kh4 {[%clk 0:02:22]} 0-1

[Event "1SM"]
[Site "Sharjah Chess Club"]
[Date "2017.03.26"]
[Round "4.14"]
[White "Al Khateeb, Taher"]
[Black "Ashwath, R."]
[Result "1/2-1/2"]
[BlackElo "2242"]
[WhiteElo "2005"]
[LiveChessVersion "1.4.8"]

1. d4 {[%clk 1:38:49]} d5 {[%clk 1:40:32]} 2. Nf3 {[%clk 1:39:13]} Nf6
{[%clk 1:40:49]} 3. e3 {[%clk 1:39:34]} g6 {[%clk 1:38:54]} 4. Bd3
{[%clk 1:37:43]} Bg7 {[%clk 1:38:34]} 5. O-O {[%clk 1:38:00]} b6 {[%clk 1:36:04]}
6. c4 {[%clk 1:34:15]} dxc4 {[%clk 1:28:07]} 7. Bxc4 {[%clk 1:34:04]} O-O
{[%clk 1:28:29]} 8. Ne5 {[%clk 1:25:34]} Bb7 {[%clk 1:28:15]} 9. Nc3
{[%clk 1:15:47]} e6 {[%clk 1:21:07]} 10. b4 {[%clk 1:09:15]} Nd5 {[%clk 1:11:15]}
11. Nxd5 {[%clk 1:02:52]} exd5 {[%clk 1:04:51]} 12. Bb3 {[%clk 1:01:06]} Nd7
{[%clk 0:58:56]} 13. Nxd7 {[%clk 0:47:58]} Qxd7 {[%clk 0:59:23]} 14. Rb1
{[%clk 0:48:11]} a5 {[%clk 0:58:39]} 15. bxa5 {[%clk 0:45:34]} Rxa5
{[%clk 0:57:51]} 16. Bd2 {[%clk 0:45:57]} Ra7 {[%clk 0:53:33]} 17. Bb4
{[%clk 0:40:43]} Rc8 {[%clk 0:44:03]} 18. Rc1 {[%clk 0:37:15]} Qb5
{[%clk 0:43:55]} 19. Bc3 {[%clk 0:29:07]} Rd8 {[%clk 0:42:41]} 20. Qd2
{[%clk 0:23:20]} Bf8 {[%clk 0:39:34]} 21. Rb1 {[%clk 0:19:45]} Qd7
{[%clk 0:37:36]} 22. Rfd1 {[%clk 0:15:31]} Raa8 {[%clk 0:30:32]} 23. Rbc1
{[%clk 0:14:09]} Bg7 {[%clk 0:17:03]} 24. Bb4 {[%clk 0:14:13]} Rac8
{[%clk 0:16:51]} 25. Rc2 {[%clk 0:13:56]} Bf6 {[%clk 0:07:32]} 26. Rdc1
{[%clk 0:14:11]} Kg7 {[%clk 0:07:41]} 1/2-1/2

[Event "1SM"]
[Site "Sharjah Chess Club"]
[Date "2017.03.26"]
[Round "4.16"]
[White "Saeed, Ishaq"]
[Black "Naiditsch, Arkadij"]
[Result "0-1"]
[BlackElo "2702"]
[WhiteElo "2312"]
[LiveChessVersion "1.4.8"]

1. d4 Nf6 {[%clk 1:40:52]} 2. c4 {[%clk 1:39:20]} g6 {[%clk 1:41:15]} 3. Nc3
{[%clk 1:39:36]} Bg7 {[%clk 1:41:37]} 4. e4 {[%clk 1:39:50]} d6 {[%clk 1:42:00]}
5. f3 {[%clk 1:39:23]} O-O {[%clk 1:41:47]} 6. Be3 {[%clk 1:39:44]} e5
{[%clk 1:41:49]} 7. d5 {[%clk 1:39:44]} Nh5 {[%clk 1:41:31]} 8. Qd2
{[%clk 1:39:37]} Nd7 {[%clk 1:40:22]} 9. Nge2 {[%clk 1:36:00]} a6
{[%clk 1:40:18]} 10. O-O-O {[%clk 1:24:09]} b5 {[%clk 1:39:59]} 11. cxb5
{[%clk 1:07:19]} axb5 {[%clk 1:39:23]} 12. Nxb5 {[%clk 1:07:42]} Rxa2
{[%clk 1:38:33]} 13. Kb1 {[%clk 1:07:49]} Ra8 {[%clk 1:36:14]} 14. Rc1
{[%clk 1:03:51]} Nc5 {[%clk 1:34:33]} 15. Bxc5 {[%clk 0:48:49]} dxc5
{[%clk 1:32:40]} 16. Rxc5 {[%clk 0:47:44]} c6 {[%clk 1:32:25]} 17. Nbc3
{[%clk 0:36:45]} Bb7 {[%clk 1:31:13]} 18. Nc1 {[%clk 0:37:13]} Nf4
{[%clk 1:29:35]} 19. Nb3 {[%clk 0:26:54]} Qb6 {[%clk 1:25:00]} 20. dxc6
{[%clk 0:18:27]} Bxc6 {[%clk 1:25:09]} 21. Bb5 {[%clk 0:14:42]} Bb7
{[%clk 1:25:16]} 22. Bc4 {[%clk 0:07:11]} Rfd8 {[%clk 1:13:33]} 23. Qc2
{[%clk 0:04:42]} Rdc8 {[%clk 1:13:20]} 24. Rb5 {[%clk 0:03:14]} Qa7
{[%clk 1:03:58]} 25. Ra5 {[%clk 0:02:14]} Qb8 {[%clk 1:04:18]} 26. Rxa8
{[%clk 0:00:38]} Qxa8 {[%clk 1:04:42]} 27. Nb5 {[%clk 0:00:32]} Bf8
{[%clk 0:58:55]} 28. g3 {[%clk 0:00:32]} Ba6 {[%clk 0:53:00]} 29. Rc1
{[%clk 0:00:49]} Bxb5 {[%clk 0:52:52]} 30. Bxf7+ {[%clk 0:00:34]} Kxf7
{[%clk 0:53:06]} 31. Qxc8 {[%clk 0:00:39]} Bd3+ {[%clk 0:53:26]} 32. Rc2
{[%clk 0:01:00]} Qxc8 {[%clk 0:53:41]} 0-1

[Event "1SM"]
[Site "Sharjah Chess Club"]
[Date "2017.03.26"]
[Round "4.17"]
[White "Areshchenko, Alexander"]
[Black "Siva, Mahadevan"]
[Result "1-0"]
[BlackElo "2363"]
[WhiteElo "2682"]
[LiveChessVersion "1.4.8"]

1. e4 {[%clk 1:40:57]} c5 {[%clk 1:40:53]} 2. Nf3 {[%clk 1:41:24]} d6
{[%clk 1:41:13]} 3. d4 {[%clk 1:41:50]} cxd4 {[%clk 1:41:36]} 4. Nxd4
{[%clk 1:42:16]} Nf6 {[%clk 1:41:56]} 5. Nc3 {[%clk 1:42:41]} a6 {[%clk 1:42:19]}
6. h3 {[%clk 1:42:57]} e5 {[%clk 1:42:05]} 7. Nb3 {[%clk 1:41:21]} Be6
{[%clk 1:41:30]} 8. f4 {[%clk 1:40:13]} Be7 {[%clk 1:40:47]} 9. Be3
{[%clk 1:35:19]} exf4 {[%clk 1:40:07]} 10. Bxf4 {[%clk 1:35:46]} Nc6
{[%clk 1:40:02]} 11. Qe2 {[%clk 1:34:17]} Nd7 {[%clk 1:32:01]} 12. O-O-O
{[%clk 1:34:08]} Nce5 {[%clk 1:32:14]} 13. Kb1 {[%clk 1:34:02]} O-O
{[%clk 1:30:52]} 14. g4 {[%clk 1:31:30]} Rc8 {[%clk 1:28:53]} 15. Qe3
{[%clk 1:31:52]} Qc7 {[%clk 1:26:30]} 16. Nd4 {[%clk 1:28:15]} Nb6
{[%clk 1:20:34]} 17. Qg3 {[%clk 1:26:29]} Nbc4 {[%clk 1:13:15]} 18. Bc1
{[%clk 1:16:10]} b5 {[%clk 0:49:42]} 19. Nd5 {[%clk 1:13:44]} Bxd5
{[%clk 0:49:42]} 20. exd5 {[%clk 1:14:11]} Rfe8 {[%clk 0:49:57]} 21. h4
{[%clk 1:10:57]} Nb6 {[%clk 0:44:20]} 22. g5 {[%clk 1:04:55]} Nxd5
{[%clk 0:38:47]} 23. Bh3 {[%clk 1:04:44]} Rb8 {[%clk 0:38:24]} 24. h5
{[%clk 1:02:10]} b4 {[%clk 0:36:53]} 25. Ka1 {[%clk 0:58:04]} a5 {[%clk 0:27:43]}
26. g6 {[%clk 0:51:50]} Bf8 {[%clk 0:13:21]} 27. gxf7+ {[%clk 0:48:47]} Qxf7
{[%clk 0:13:26]} 28. Nf5 {[%clk 0:47:24]} Kh8 {[%clk 0:13:37]} 29. Rhf1
{[%clk 0:46:11]} Nf6 {[%clk 0:08:48]} 30. h6 {[%clk 0:46:12]} d5 {[%clk 0:08:00]}
31. Qh4 {[%clk 0:36:47]} Ng6 {[%clk 0:06:31]} 32. Qd4 {[%clk 0:35:08]} Re4
{[%clk 0:06:05]} 33. Qg1 {[%clk 0:33:29]} Qc7 {[%clk 0:03:08]} 34. hxg7+
{[%clk 0:31:26]} Bxg7 {[%clk 0:03:34]} 35. Nxg7 {[%clk 0:31:41]} Kxg7
{[%clk 0:03:29]} 36. Bf5 {[%clk 0:30:57]} Re7 {[%clk 0:00:37]} 37. Bf4
{[%clk 0:28:08]} Qb6 {[%clk 0:01:00]} 38. Qg5 {[%clk 0:25:56]} Rf8
{[%clk 0:00:56]} 39. Rg1 {[%clk 0:24:32]} Ng8 {[%clk 0:01:01]} 40. Bxg6
{[%clk 0:24:21]} hxg6 {[%clk 0:01:10]} 41. Be5+ {[%clk 0:23:55]} Kf7
{[%clk 0:00:41]} 42. Rxd5 {[%clk 0:23:48]} Qe6 {[%clk 0:00:31]} 43. Rxa5
{[%clk 0:18:34]} Qf5 {[%clk 0:00:40]} 44. Qxf5+ {[%clk 0:18:33]} gxf5
{[%clk 0:01:09]} 45. Bd6 {[%clk 0:18:58]} Ke6 {[%clk 0:01:00]} 46. Bxb4
{[%clk 0:19:14]} f4 {[%clk 0:01:03]} 47. Re1+ {[%clk 0:19:23]} 1-0